| 000 | 00372nam a22001577a 4500 | ||
|---|---|---|---|
| 003 | MACL | ||
| 005 | 20151206120752.0 | ||
| 008 | 151206b xxu||||| |||| 00| 0 eng d | ||
| 040 | _cMACL | ||
| 041 | _aEnglish | ||
| 082 | _a742 | ||
| 100 |
_aBiswas,Debabrata _919474 |
||
| 245 | _aPeople of Planet Earth and Fire | ||
| 650 |
_aChildren's Book _919475 |
||
| 942 |
_2ddc _cBK |
||
| 999 |
_c51429 _d51429 |
||